00707nam a22001457a 4500003000900000008004100009040007100050082002600121100002400147245003800171260003600209300002800245505026600273650002200539AR-CdUCM190403b ||||| |||| 00| 0 spa d aMUNICIPALIDAD PROVINCIAL DEL CUSCOcBIBLIOTECA MUNICIPAL DEL CUSCO a347.989 /bT11 / 1946 aTaboada, Antonio A. aCuestiones de derecho comercial / aBuenos Aires :bAtalaya,c1946. a346 páginas ;c23 cm. aContenido: Deficiencias y anacronismos de nuestra legislación comercial -- El problema de la autonomía del derecho mercantil -- Registro publico de comercio y matricula de los comerciantes -- El contrato del trabajo en la legislación comercial vigente ... aDerecho comercial